| 000 | 00707nam a2200205 a 4500 | ||
|---|---|---|---|
| 001 | 2626 | ||
| 003 | CDMR | ||
| 005 | 20131203130438.0 | ||
| 008 | 130130s1990||||||||||||||||||||||||||||d | ||
| 020 | _a8476005687 | ||
| 040 |
_aCDMR _bcat _cCDMR |
||
| 100 | 1 |
_aImbert, Gérard _9880 |
|
| 245 | 1 | 4 |
_aLos discursos del cambio _b: imágenes e imaginarios sociales en la España de la Transición : 1976-1982 _cGérard Imbert ; traducción: Beatriz Simó |
| 260 |
_aMadrid _c1990 _bAkal |
||
| 300 |
_a204 p. _bil. b/n |
||
| 650 | 0 | 4 |
_93703 _aEspanya _xHistòria _y1975-1982, Transició |
| 650 | 0 | 4 |
_94301 _aMitjans de comunicació de massa _xHistòria _zEspanya |
| 650 | 0 | 4 |
_94287 _aIdentitat col·lectiva |
| 942 |
_cMON _2udc |
||
| 999 |
_c2626 _d2626 |
||